• 首页
  • 本馆介绍
  • 公告通知
  • 最新文献
  • 馆藏检索
  • 电子资源
  • 读者导购
  • 参考咨询
  • 我的图书馆
  • 登录
  • 详细信息显示
  • 放入我的书架
  • 预约/预借图书
  • 作者相关作品
  • 分类相关作品
  • 丛书相关作品
  • 出版社相关作品

书目信息

  • 表格格式
  • 工作单格式
  • 卡片格式
书名: Outlaws of the Marsh
作者: by Shi Nai'an and Luo Guanzhong ; translated by Sidney Shapiro
分册号:
分册名:
出版地: Beijing :
 
出版社: Foreign Languages Pr
出版时间: 1980.
页数: 559 p. ;
开本: 22 cm.
丛书名:
中图分类号:
科图分类号:
其他分类号: H319.4
主题词:
电子资源:
000 01448nam 2200301 a 4500
001 E0729305987
005 20070303081610.92
008 eng
008 uu
020    @cCNY7.20.
040    @aCcBjTSG
041 1  @aeng @hchi
043    @aa-cc---
049    @aN5LA
090    @a2C/I242.4/SNAO////////////940845-47/ v.1-3/940848/ v.1/ cop.2/940849/ v.2/ cop.2/940850/ v.3/ cop.2/940851/ v.1/ cop.3/940852/ v.2/ cop.3/940853/ v.3/ cop.3/363648/ v.1/ cop.4/363649/ v.1/ cop.5/363650/ v.1/ cop.6/363048/ v.2/ cop.4/363049/ v.3/ cop.4/363050/ v.2/ cop.5/363051/ v.3/ cop.5/363052/ v.2/ cop.6/363053/ v.3/ cop.6
090    @aH319.4
096    @aI242.4 @v2
099    @dH319.4@ex240:1
100 1  @aShi, Nai'an, @dca. 1290-ca. 1365.
240 10 @aShui hu zhuan. @lEnglish. @f1980
242 10 @a水浒传(英语版) / @c施耐庵 @ychi
245 10 @aOutlaws of the Marsh.@nVolume Ⅰ / @cby Shi Nai'an and Luo Guanzhong ; translated by Sidney Shapiro
260    @aBeijing :@bForeign Languages Pr.,@c1980.
300    @a559 p. ;@c22 cm.
700 1  @aLuo, Guanzhong, @dca. 1330-ca. 1400, @ejt. auth.
700 1  @aLuo, Guanzhong, @dca. 1330-ca. 1400.
700 1  @aShapiro, Sidney. @b00 @c20020930 @lNLC09 @h2246 @b40 @c20021216 @lNLC09 @h0957 @b40 @c20021216 @lNLC09 @h0958 @b40 @c20021216 @lNLC09 @h0959 @lNLC09 @h2302 @lNLC09 @h1853 @b40 @c20050831 @lNLC09 @h1318 @b40 @c20051119 @lNLC09 @h1016
852 9  @bWWJC @cJ08S @k2C @hI242.4 @iSNAO
    
    Outlaws of the Marsh.. Volume Ⅰ / / by Shi Nai'an and Luo Guanzhong ; translated by Sidney Shapiro.-Beijing : : Foreign Languages Pr., , 1980.
    559 p. ; ; 22 cm.
    
    
    ISBN CNY7.20.
    
●
相关链接 在E读中查询图书 在五车中查询图书 在当当中查询图书 在豆瓣中查询图书


正题名:Outlaws of the Marsh     索取号:H319.4/x240:1         预约/预借

序号 登录号 条形码 馆藏地/架位号 状态 备注
1 48080   202462931   第四借阅区/ [索取号:H319.4/x240:1] 在馆    
2 48080   202457251   第四借阅区/ [索取号:H319.4/x240:1] 在馆    
唐山师范学院图书馆 欢迎您!
大连网信软件有限公司© 版权所有